000 00308nam a22001337a 4500
082 _a823
_bSUB/B
100 _aSUBRAMANIAM, NEELA
245 _aBIRBAL STORIES
260 _aERANAKULAM
_bYOUNG KIDS
300 _a110
520 _aENGLISH SHORT STORIES
650 _aENGLISH SHORT STORIES
_zKERALA
942 _cBK
999 _c5159
_d5159